000 00662nam a2200277Ia 4500
008 210210b2011 xxu||||| |||| 00| 0 eng d
020 _a8173280681
041 _aeng
082 _a350 AROI
100 _aARORA (Ramesh K)
245 _aIndian public administration: institutions and issues Rev 2
250 _a
260 _aNew Delhi
_bWishwa Prakashan
_c2011
300 _aviii,676
650 _aRev
650 _apublic
650 _aissues
650 _ainstitutions
650 _aIndian
650 _aand
650 _aadministration:
650 _a2
690 _aPublic Administration
700 _aGOYAL (Rajni)
906 _a066482
999 _c147848
_d147848